| 000 | 00643cam a2200217 a 4500 | ||
|---|---|---|---|
| 001 | 000015569 | ||
| 005 | 20200929164059.0 | ||
| 008 | 831220s1981 cr 000 0 spa d | ||
| 035 | _a(DLC) 44033463 | ||
| 040 |
_aDO-SdBNP _bspa _cBNPHU _dDLC |
||
| 082 |
_a299.934 _bC712l |
||
| 100 | 1 |
_aCollins, Mabel, _d1851-1927. _935127 |
|
| 245 | 1 | 0 |
_aLuz en el sendero / _cMabel Collins. |
| 260 |
_aSan José, (Costa Rica) : _bArneos, _c1981. |
||
| 300 |
_a95 p. ; _c16 cm. |
||
| 490 | 1 | _aTextos experituales arneos | |
| 650 | 4 |
_aTeosofía _935128 |
|
| 830 | 0 |
_aTextos experituales arneos. _935129 |
|
| 910 | _aCatalogación derivada | ||
| 049 | _aBNGR | ||
| 999 |
_c15125 _d15125 |
||